| 000 | 00862nam0a22002531 4500 | ||
|---|---|---|---|
| 001 | rc\404387 | ||
| 005 | 20250621073431.0 | ||
| 010 |
_a5-7355-0134-8 _9100000 |
||
| 035 | _a(NLR Aleph) 005652903 | ||
| 090 |
_a6791021 _c6791021 |
||
| 100 | _a20030616d1989 |||y0rusy50 ca | ||
| 101 | 0 | _arus | |
| 102 | _aRU | ||
| 105 | _aa ||||||||| | ||
| 200 | 1 |
_aБомбейский взрыв _e[Гибель англ. парохода "Форт Стайкин" 14 апр. 1944 г.] _fПер. с англ. М.Л. Стражгородской и др. |
|
| 210 |
_aЛ. _cСудостроение _d1989 |
||
| 215 |
_a112 с. _cил. _d24 |
||
| 300 | _aПеревод изд.: Bombay explosion / John Ennis (Bombay, 1960) | ||
| 700 | 1 |
_aИннис _bД. _gДжон |
|
| 801 | 0 |
_aRU _bNLR _gpsbo |
|
| 801 | 1 |
_aRU _bELAR _2rusmarc |
|
| 852 |
_aNLR _j89-7/75 |
||
| 942 | _cBOOK | ||
| 980 | _aNB | ||